Avranches - Choix Multiples - Statistiques

Statistiques générales
  • Ce quiz a été pris 37 fois
  • Le résultat moyen est 7 sur 10
Statistiques - réponses
Question Réponse % Correct
Dans quelle baie célèbre de France se situe-t-elle ? Baie du Mont-Saint-Michel
97%
Quelle photo est celle de la mairie d'Avranches ?
86%
Qu'est-ce que l'on ne trouve pas sur la Place Patton ? Une fontaine
83%
Quelle espèce animale possède la race dite "Avranchin" ou "d'Avranches" ? Mouton
76%
Abréviation donnée au club de football de la ville, jouant actuellement en National 2. l'USA
72%
Commune qui a fusionné avec Avranches en 2019 Saint-Martin-des-Champs
72%
Grande rue qui traverse la ville de la place Patton à la Mairie. Rue de la Constitution
69%
Nom de l'église qui surplombe Avranches et la baie. Notre-Dame des Champs
62%
Jockey français né à Avranches, ayant gagné 5 fois le prix d'Amérique et l'un des rares drivers ayant gagné tous les Groupe 1 attelés de France ? Frank Nivard
41%
Duc de Normandie qui a fondé le donjon d'Avranches vers le Xe siècle ? Richard Ier Sans-Peur
21%
Aucun quiz correspondant
Distribution des résultats
% des personnes avec chaque résultat
Percentile par nombre de réponses
Votre historique - résultats
Vous n’avez pas pris ce quiz